000 00439pab a2200169 454500
008 180718b2012 xxu||||| |||| 00| 0 eng d
100 _aPuri, Nikhil Raymond
245 _aTowards a typology of Madrasas in West Bengal
260 _c2012
300 _ap.22-25.
362 _a18 Aug
650 _aIslamic law - India - West Bengal
650 _aIslamic law
773 _aEconomic and Political Weekly
908 _aN
909 _a97093
999 _c97093
_d97093